00577nam a22001697a 4500008004100000020001800041050002000059100003300079245009600112250001200208260004400220300007000264521002000334650001600354650001600370700002100386161103b xxu||||| |||| 00| 0 eng d a9780070470941 aHB 171.5 .M1998 aMcConnell, Campbell R.d1998 aEconomics :bprinciples, problems, and policies/cCampbell R. McConnell and Stanley L. Brue a14th ed aBoston, MA :bIrwin/McGraw-Hill,c1998. axxxii, 849, 46 pages :bcolor illustrations ; c26 cm .e1 CD-ROM aIncludes index. aEconomics.  aWirtschaft. aBrue, Stanley L.